[Event "DEM U14 2022"]
[Site "Willingen GER"]
[Date "2022.06.07"]
[Round "4"]
[White "Jahnz, Laurin"]
[Black "Shapiro, Danil"]
[Result "1/2-1/2"]
[Termination "normal"]
[Board "16"]
[WhiteElo "1681"]
[BlackElo "1468"]
[WhiteClock "00:05:13"]
[BlackClock "00:21:28"]
[PlyCount "85"]
[WhiteFideId "16261089"]
[BlackFideId "16260015"]
[EventCountry "GER"]
[EventRounds "9"]
[EventType "swiss"]
[EventDate "2022.06.04"]

1. e4 {[%clk 1:30:57]} c5 {[%clk 1:30:55]} 2. Nf3 {[%clk 1:31:25]} e6 {[%clk
1:31:19]} 3. d3 {[%clk 1:31:49]} Nc6 {[%clk 1:29:53]} 4. g3 {[%clk 1:32:12]} g6
{[%clk 1:30:01]} 5. Bg2 {[%clk 1:32:36]} Bg7 {[%clk 1:30:25]} 6. O-O {[%clk
1:32:55]} d6 {[%clk 1:30:26]} 7. Nbd2 {[%clk 1:32:57]} b5 {[%clk 1:30:23]} 8.
Re1 {[%clk 1:32:33]} e5 {[%clk 1:28:57]} 9. c3 {[%clk 1:29:50]} Nf6 {[%clk
1:27:02]} 10. Nf1 {[%clk 1:22:48]} Nd7 {[%clk 1:24:17]} 11. Bg5 {[%clk
1:13:55]} f6 {[%clk 1:24:28]} 12. Bd2 {[%clk 1:14:19]} Nb6 {[%clk 1:24:26]} 13.
h4 {[%clk 1:13:07]} O-O {[%clk 1:19:02]} 14. N1h2 {[%clk 1:08:50]} h6 {[%clk
1:14:43]} 15. Qc1 {[%clk 1:06:43]} Kh7 {[%clk 1:15:04]} 16. g4 {[%clk 1:04:59]}
f5 {[%clk 1:12:42]} 17. exf5 {[%clk 1:00:23]} gxf5 {[%clk 1:12:53]} 18. Ng5+
{[%clk 0:54:31]} hxg5 {[%clk 1:11:03]} 19. Bxc6 {[%clk 0:54:34]} Rb8 {[%clk
1:10:59]} 20. Bxg5 {[%clk 0:54:50]} Qc7 {[%clk 1:10:39]} 21. Bf3 {[%clk
0:54:37]} fxg4 {[%clk 1:09:40]} 22. Bxg4 {[%clk 0:51:09]} Qf7 {[%clk 1:09:17]}
23. Qe3 {[%clk 0:47:33]} Bb7 {[%clk 1:04:13]} 24. Nf1 {[%clk 0:34:36]} Nd5
{[%clk 1:04:21]} 25. Qg3 {[%clk 0:34:58]} Bf6 {[%clk 1:03:41]} 26. Bf5+ {[%clk
0:34:52]} Kh8 {[%clk 1:04:04]} 27. Qh3 {[%clk 0:29:05]} Nf4 {[%clk 0:57:16]}
28. Bxf4 {[%clk 0:28:39]} exf4 {[%clk 0:57:10]} 29. Bg4 {[%clk 0:20:58]} Rg8
{[%clk 0:56:37]} 30. Kh2 {[%clk 0:20:29]} Rxg4 {[%clk 0:53:17]} 31. Qxg4 {[%clk
0:20:41]} Rg8 {[%clk 0:52:45]} 32. Qe6 {[%clk 0:20:58]} Qg6 {[%clk 0:52:37]}
33. Ne3 {[%clk 0:19:24]} fxe3 {[%clk 0:38:38]} 34. Rg1 {[%clk 0:18:23]} Be5+
{[%clk 0:39:03]} 35. Qxe5+ {[%clk 0:18:49]} dxe5 {[%clk 0:39:12]} 36. Rxg6
{[%clk 0:19:15]} Rxg6 {[%clk 0:39:30]} 37. fxe3 {[%clk 0:19:42]} Rg4 {[%clk
0:28:00]} 38. d4 {[%clk 0:13:24]} exd4 {[%clk 0:25:33]} 39. exd4 {[%clk
0:13:49]} cxd4 {[%clk 0:25:58]} 40. cxd4 {[%clk 0:14:14]} Rxh4+ {[%clk
0:26:23]} 41. Kg3 {[%clk 0:14:32]} Rxd4 {[%clk 0:26:49]} 42. Re1 {[%clk
0:06:23]} a5 {[%clk 0:21:28]} 43. Re8+ {[%clk 0:05:13]} 1/2-1/2

[Event "DEM U14 2022"]
[Site "Willingen GER"]
[Date "2022.06.08"]
[Round "5"]
[White "Payyappat, Sreyas"]
[Black "Ermitsch, Magnus"]
[Result "0-1"]
[Termination "normal"]
[Board "1"]
[WhiteTitle "FM"]
[WhiteElo "2173"]
[BlackElo "2227"]
[WhiteClock "00:07:47"]
[BlackClock "00:14:39"]
[PlyCount "48"]
[WhiteFideId "46674969"]
[BlackFideId "16234464"]
[EventCountry "GER"]
[EventRounds "9"]
[EventType "swiss"]
[EventDate "2022.06.04"]

1. e4 {[%clk 1:30:48]} c5 {[%clk 1:30:53]} 2. Nf3 {[%clk 1:31:16]} e6 {[%clk
1:31:18]} 3. d4 {[%clk 1:31:42]} cxd4 {[%clk 1:31:44]} 4. Nxd4 {[%clk 1:32:08]}
Nc6 {[%clk 1:32:08]} 5. Nc3 {[%clk 1:32:23]} Qc7 {[%clk 1:32:35]} 6. Be3 {[%clk
1:31:01]} a6 {[%clk 1:33:01]} 7. g4 {[%clk 1:31:22]} b5 {[%clk 1:33:25]} 8. Qd2
{[%clk 1:31:32]} Ne5 {[%clk 1:26:57]} 9. Bf4 {[%clk 1:22:52]} d6 {[%clk
0:52:25]} 10. O-O-O {[%clk 1:06:34]} Nf6 {[%clk 0:51:39]} 11. g5 {[%clk
0:51:17]} Nfd7 {[%clk 0:47:39]} 12. Bg3 {[%clk 0:48:53]} Bb7 {[%clk 0:41:45]}
13. f4 {[%clk 0:40:26]} Nc4 {[%clk 0:40:33]} 14. Qd3 {[%clk 0:30:34]} Rc8
{[%clk 0:39:09]} 15. Bg2 {[%clk 0:28:16]} Nc5 {[%clk 0:24:13]} 16. Qe2 {[%clk
0:20:44]} Qa5 {[%clk 0:17:19]} 17. Be1 {[%clk 0:18:54]} Qb6 {[%clk 0:17:14]}
18. f5 {[%clk 0:18:13]} e5 {[%clk 0:16:10]} 19. Nb3 {[%clk 0:16:53]} Na4 {[%clk
0:15:39]} 20. Bf2 Qc7 {[%clk 0:13:52]} 21. Nxa4 {[%clk 0:12:22]} bxa4 {[%clk
0:14:12]} 22. Na1 {[%clk 0:11:46]} Nxb2 {[%clk 0:14:23]} 23. Rde1 {[%clk
0:09:31]} Qc3 {[%clk 0:14:30]} 24. Bf1 {[%clk 0:07:47]} Nc4 {[%clk 0:14:39]}
0-1

[Event "DEM U14 2022"]
[Site "Willingen GER"]
[Date "2022.06.08"]
[Round "5"]
[White "Sommer, Justus"]
[Black "Deuer, Marius"]
[Result "0-1"]
[Termination "normal"]
[Board "2"]
[BlackTitle "FM"]
[WhiteElo "1868"]
[BlackElo "2351"]
[WhiteClock "00:13:34"]
[BlackClock "00:09:48"]
[PlyCount "78"]
[WhiteFideId "16245008"]
[BlackFideId "16236432"]
[EventCountry "GER"]
[EventRounds "9"]
[EventType "swiss"]
[EventDate "2022.06.04"]

1. e4 {[%clk 1:30:47]} c6 {[%clk 1:30:57]} 2. d4 {[%clk 1:31:04]} d5 {[%clk
1:31:23]} 3. exd5 {[%clk 1:31:23]} cxd5 {[%clk 1:31:47]} 4. c4 {[%clk 1:31:40]}
Nf6 {[%clk 1:32:12]} 5. Nc3 {[%clk 1:31:15]} Nc6 {[%clk 1:32:37]} 6. Bg5 {[%clk
1:29:24]} dxc4 {[%clk 1:32:55]} 7. Bxc4 {[%clk 1:28:23]} h6 {[%clk 1:33:06]} 8.
Bh4 {[%clk 1:28:15]} Qxd4 {[%clk 1:33:24]} 9. Qxd4 {[%clk 1:27:51]} Nxd4 {[%clk
1:33:47]} 10. O-O-O {[%clk 1:27:35]} g5 {[%clk 1:33:04]} 11. Rxd4 {[%clk
1:18:00]} gxh4 {[%clk 1:33:28]} 12. Nb5 {[%clk 1:09:05]} e5 {[%clk 1:33:21]}
13. Rd2 {[%clk 1:07:05]} Bb4 {[%clk 1:15:25]} 14. Nc7+ {[%clk 0:56:05]} Ke7
{[%clk 1:15:49]} 15. Nxa8 {[%clk 0:55:23]} Bxd2+ {[%clk 1:15:56]} 16. Kxd2
{[%clk 0:55:41]} Bg4 {[%clk 1:15:40]} 17. h3 {[%clk 0:50:42]} Bh5 {[%clk
1:10:52]} 18. Be2 {[%clk 0:45:38]} Rd8+ {[%clk 0:59:01]} 19. Ke3 {[%clk
0:42:48]} Nd5+ {[%clk 0:49:25]} 20. Ke4 {[%clk 0:41:09]} Bxe2 {[%clk 0:44:53]}
21. Nxe2 {[%clk 0:41:23]} Ke6 {[%clk 0:45:15]} 22. g4 {[%clk 0:31:01]} hxg3
{[%clk 0:43:39]} 23. fxg3 {[%clk 0:30:52]} Rxa8 {[%clk 0:34:33]} 24. g4 {[%clk
0:20:33]} Rc8 {[%clk 0:22:46]} 25. Rc1 {[%clk 0:19:06]} Rxc1 {[%clk 0:18:13]}
26. Nxc1 {[%clk 0:19:29]} Nf4 {[%clk 0:18:39]} 27. h4 {[%clk 0:19:14]} b6
{[%clk 0:18:33]} 28. a4 {[%clk 0:16:52]} f6 {[%clk 0:11:51]} 29. Na2 {[%clk
0:15:16]} h5 {[%clk 0:11:22]} 30. Kf3 {[%clk 0:13:18]} hxg4+ {[%clk 0:11:36]}
31. Kxg4 {[%clk 0:13:43]} f5+ {[%clk 0:12:05]} 32. Kg5 {[%clk 0:13:39]} Nh3+
{[%clk 0:11:39]} 33. Kg6 {[%clk 0:14:02]} f4 {[%clk 0:11:03]} 34. h5 {[%clk
0:12:19]} f3 {[%clk 0:09:55]} 35. h6 {[%clk 0:12:42]} Nf4+ {[%clk 0:08:27]} 36.
Kg5 {[%clk 0:12:41]} f2 {[%clk 0:08:37]} 37. h7 {[%clk 0:13:04]} f1=Q {[%clk
0:09:02]} 38. h8=Q {[%clk 0:13:21]} Qg2+ {[%clk 0:09:24]} 39. Kh6 {[%clk
0:13:34]} Qg6# {[%clk 0:09:48]} 0-1

[Event "DEM U14 2022"]
[Site "Willingen GER"]
[Date "2022.06.08"]
[Round "5"]
[White "Hagner, Bennet"]
[Black "Möller, Maurin"]
[Result "1/2-1/2"]
[Termination "normal"]
[Board "3"]
[WhiteElo "2186"]
[BlackElo "1780"]
[WhiteClock "00:04:29"]
[BlackClock "00:29:39"]
[PlyCount "141"]
[WhiteFideId "16224477"]
[BlackFideId "16265696"]
[EventCountry "GER"]
[EventRounds "9"]
[EventType "swiss"]
[EventDate "2022.06.04"]

1. e4 {[%clk 1:30:59]} c5 {[%clk 1:30:56]} 2. Nf3 {[%clk 1:31:21]} Nc6 {[%clk
1:31:19]} 3. Nc3 {[%clk 1:31:42]} g6 {[%clk 1:31:16]} 4. d4 {[%clk 1:31:46]}
cxd4 {[%clk 1:31:43]} 5. Nxd4 {[%clk 1:32:07]} Bg7 {[%clk 1:32:06]} 6. Be3
{[%clk 1:32:31]} Nf6 {[%clk 1:32:28]} 7. Bc4 {[%clk 1:32:34]} O-O {[%clk
1:32:51]} 8. Bb3 {[%clk 1:32:51]} Re8 {[%clk 1:33:12]} 9. f3 {[%clk 1:32:51]}
d5 {[%clk 1:33:17]} 10. exd5 {[%clk 1:16:19]} Nb4 {[%clk 1:33:10]} 11. Nde2
{[%clk 1:13:12]} e6 {[%clk 1:33:15]} 12. Qd2 {[%clk 1:03:36]} Nfxd5 {[%clk
1:02:29]} 13. O-O-O {[%clk 1:00:27]} Qa5 {[%clk 0:52:44]} 14. Nxd5 {[%clk
0:55:53]} exd5 {[%clk 0:50:49]} 15. Nc3 {[%clk 0:46:41]} Bf5 {[%clk 0:38:14]}
16. Bd4 {[%clk 0:42:28]} Nd3+ {[%clk 0:32:10]} 17. cxd3 {[%clk 0:37:52]} Bxd4
{[%clk 0:32:39]} 18. Nxd5 {[%clk 0:34:04]} Rac8+ {[%clk 0:28:58]} 19. Kb1
{[%clk 0:33:39]} Qb5 {[%clk 0:27:36]} 20. g4 {[%clk 0:12:02]} Be6 {[%clk
0:26:13]} 21. Bc4 {[%clk 0:11:21]} Qc5 {[%clk 0:21:39]} 22. Nc3 {[%clk
0:10:35]} Bxc4 {[%clk 0:17:44]} 23. dxc4 {[%clk 0:11:01]} Bxc3 {[%clk 0:17:40]}
24. Qxc3 {[%clk 0:11:27]} Qxc4 {[%clk 0:17:46]} 25. Qxc4 {[%clk 0:09:39]} Rxc4
{[%clk 0:18:13]} 26. Rd7 {[%clk 0:09:37]} Rb4 {[%clk 0:17:41]} 27. a3 {[%clk
0:06:14]} Rb5 {[%clk 0:17:33]} 28. Rd2 {[%clk 0:04:43]} Re3 {[%clk 0:17:27]}
29. Rf1 {[%clk 0:04:46]} Rxa3 {[%clk 0:14:57]} 30. f4 {[%clk 0:04:12]} Ra6
{[%clk 0:15:04]} 31. f5 {[%clk 0:03:42]} gxf5 {[%clk 0:14:47]} 32. gxf5 {[%clk
0:04:09]} Kg7 {[%clk 0:15:06]} 33. Rd3 {[%clk 0:03:18]} Rh6 {[%clk 0:13:41]}
34. h3 {[%clk 0:02:32]} Rh5 {[%clk 0:13:31]} 35. f6+ {[%clk 0:02:10]} Kg6
{[%clk 0:14:00]} 36. Rd7 {[%clk 0:01:48]} Rhf5 {[%clk 0:11:49]} 37. Rg1+ {[%clk
0:01:04]} Kxf6 {[%clk 0:11:54]} 38. Rd6+ {[%clk 0:01:16]} Ke7 {[%clk 0:10:47]}
39. Rd2 {[%clk 0:01:12]} a5 {[%clk 0:10:50]} 40. Rgd1 {[%clk 0:00:44]} h5
{[%clk 0:09:58]} 41. Ka2 {[%clk 0:28:44]} h4 {[%clk 0:35:52]} 42. Ka3 {[%clk
0:22:48]} b6 {[%clk 0:35:51]} 43. Rd3 {[%clk 0:22:12]} Rf4 {[%clk 0:34:54]} 44.
b3 {[%clk 0:21:07]} Rbb4 {[%clk 0:35:07]} 45. Re3+ {[%clk 0:19:29]} Kf6 {[%clk
0:35:13]} 46. Rd6+ {[%clk 0:19:24]} Kg5 {[%clk 0:35:18]} 47. Rd8 {[%clk
0:18:28]} b5 {[%clk 0:32:49]} 48. Ra8 {[%clk 0:16:45]} a4 {[%clk 0:32:53]} 49.
Rg8+ {[%clk 0:17:07]} Kf5 {[%clk 0:33:01]} 50. bxa4 {[%clk 0:17:21]} bxa4
{[%clk 0:33:06]} 51. Rh8 {[%clk 0:15:24]} Rb3+ {[%clk 0:33:23]} 52. Rxb3 {[%clk
0:15:46]} axb3 {[%clk 0:33:51]} 53. Kxb3 {[%clk 0:16:01]} Rf3+ {[%clk 0:34:16]}
54. Kc2 {[%clk 0:16:21]} Rxh3 {[%clk 0:34:37]} 55. Kd2 {[%clk 0:16:45]} Ke4
{[%clk 0:34:50]} 56. Ke2 {[%clk 0:16:53]} f5 {[%clk 0:34:30]} 57. Ra8 {[%clk
0:12:37]} Kf4 {[%clk 0:32:36]} 58. Kf2 {[%clk 0:11:51]} Rh2+ {[%clk 0:30:14]}
59. Kg1 {[%clk 0:12:20]} Rb2 {[%clk 0:28:57]} 60. Ra4+ {[%clk 0:12:09]} Kg3
{[%clk 0:29:25]} 61. Ra3+ {[%clk 0:12:26]} Kg4 {[%clk 0:29:29]} 62. Ra4+ {[%clk
0:12:35]} f4 {[%clk 0:29:40]} 63. Ra3 {[%clk 0:10:42]} h3 {[%clk 0:30:01]} 64.
Rc3 {[%clk 0:08:03]} h2+ {[%clk 0:30:18]} 65. Kh1 {[%clk 0:08:27]} f3 {[%clk
0:30:38]} 66. Rc2 {[%clk 0:03:50]} Rb5 {[%clk 0:28:40]} 67. Kxh2 {[%clk
0:04:03]} Rh5+ {[%clk 0:29:06]} 68. Kg1 {[%clk 0:04:29]} Kg3 {[%clk 0:29:30]}
69. Rg2+ {[%clk 0:04:36]} Kf4 {[%clk 0:29:30]} 70. Rg8 {[%clk 0:04:19]} Re5
{[%clk 0:29:39]} 71. Kf2 {[%clk 0:04:29]} 1/2-1/2

[Event "DEM U14 2022"]
[Site "Willingen GER"]
[Date "2022.06.08"]
[Round "5"]
[White "Besou, Hussain"]
[Black "Klaska, Philipp Leon"]
[Result "1/2-1/2"]
[Termination "normal"]
[Board "4"]
[WhiteElo "2094"]
[BlackElo "1946"]
[WhiteClock "00:09:28"]
[BlackClock "00:05:49"]
[PlyCount "94"]
[WhiteFideId "16269950"]
[BlackFideId "16238044"]
[EventCountry "GER"]
[EventRounds "9"]
[EventType "swiss"]
[EventDate "2022.06.04"]

1. e4 {[%clk 1:30:59]} c5 {[%clk 1:30:35]} 2. Nf3 {[%clk 1:31:25]} e6 {[%clk
1:31:01]} 3. d4 {[%clk 1:31:52]} cxd4 {[%clk 1:31:28]} 4. Nxd4 {[%clk 1:32:17]}
a6 {[%clk 1:31:54]} 5. Bd3 {[%clk 1:32:38]} Qc7 {[%clk 1:30:45]} 6. O-O {[%clk
1:33:00]} Nf6 {[%clk 1:30:22]} 7. Qe2 {[%clk 1:33:22]} d6 {[%clk 1:28:53]} 8.
c4 {[%clk 1:33:43]} Nbd7 {[%clk 1:27:44]} 9. Nc3 {[%clk 1:34:05]} Be7 {[%clk
1:22:41]} 10. f4 {[%clk 1:32:37]} O-O {[%clk 1:21:25]} 11. Kh1 {[%clk 1:32:32]}
g6 {[%clk 1:09:33]} 12. f5 {[%clk 1:25:58]} Ne5 {[%clk 0:57:16]} 13. Bh6 {[%clk
1:19:12]} Re8 {[%clk 0:52:19]} 14. fxe6 {[%clk 0:46:08]} fxe6 {[%clk 0:47:45]}
15. Bg5 {[%clk 0:41:51]} Nfg4 {[%clk 0:39:56]} 16. Bd2 {[%clk 0:40:12]} Nxd3
{[%clk 0:35:58]} 17. Qxg4 {[%clk 0:38:03]} Ne5 {[%clk 0:34:26]} 18. Qg3 {[%clk
0:35:39]} Nxc4 {[%clk 0:28:53]} 19. Bh6 {[%clk 0:35:00]} Bd7 {[%clk 0:26:36]}
20. Qf4 {[%clk 0:28:45]} Ne5 {[%clk 0:25:09]} 21. Nf3 {[%clk 0:28:31]} Nf7
{[%clk 0:24:11]} 22. Qe3 {[%clk 0:25:38]} Qc5 {[%clk 0:20:33]} 23. Rad1 {[%clk
0:23:02]} Qxe3 {[%clk 0:19:54]} 24. Bxe3 {[%clk 0:23:26]} Bf6 {[%clk 0:18:11]}
25. e5 {[%clk 0:18:27]} Bxe5 {[%clk 0:14:31]} 26. Nxe5 {[%clk 0:18:44]} Nxe5
{[%clk 0:14:52]} 27. Rxd6 {[%clk 0:18:58]} Bc6 {[%clk 0:14:55]} 28. Rd4 {[%clk
0:15:50]} Rad8 {[%clk 0:13:19]} 29. h3 {[%clk 0:13:19]} Rxd4 {[%clk 0:12:43]}
30. Bxd4 {[%clk 0:13:45]} Nf7 {[%clk 0:12:43]} 31. Kh2 {[%clk 0:11:44]} e5
{[%clk 0:12:08]} 32. Bc5 {[%clk 0:12:08]} Rd8 {[%clk 0:10:23]} 33. Rf2 {[%clk
0:12:28]} Kg7 {[%clk 0:09:37]} 34. a3 {[%clk 0:10:05]} Rd7 {[%clk 0:08:32]} 35.
Be3 {[%clk 0:08:07]} Nd6 {[%clk 0:07:18]} 36. Bg5 {[%clk 0:07:49]} Rf7 {[%clk
0:06:45]} 37. Re2 {[%clk 0:08:02]} Rf5 {[%clk 0:05:38]} 38. Be7 {[%clk
0:07:56]} Nf7 {[%clk 0:04:23]} 39. Bc5 {[%clk 0:07:45]} Kf6 {[%clk 0:02:32]}
40. Nd1 {[%clk 0:07:02]} Rf4 {[%clk 0:00:49]} 41. Ne3 {[%clk 0:05:01]} Ke6
{[%clk 0:26:54]} 42. Rd2 {[%clk 0:25:22]} h5 {[%clk 0:20:47]} 43. b3 {[%clk
0:17:32]} g5 {[%clk 0:15:21]} 44. a4 {[%clk 0:15:17]} Rf6 {[%clk 0:10:38]} 45.
a5 {[%clk 0:12:34]} Rg6 {[%clk 0:09:20]} 46. Kg3 {[%clk 0:10:22]} Rg8 {[%clk
0:09:00]} 47. h4 {[%clk 0:09:28]} Kf6 {[%clk 0:05:49]} 1/2-1/2

[Event "DEM U14 2022"]
[Site "Willingen GER"]
[Date "2022.06.08"]
[Round "5"]
[White "Haubold, Christian Lucas"]
[Black "Mader, Fabian"]
[Result "1-0"]
[Termination "normal"]
[Board "5"]
[WhiteElo "1944"]
[BlackElo "1652"]
[WhiteClock "00:21:57"]
[BlackClock "00:13:53"]
[PlyCount "109"]
[WhiteFideId "16259629"]
[BlackFideId "16265866"]
[EventCountry "GER"]
[EventRounds "9"]
[EventType "swiss"]
[EventDate "2022.06.04"]

1. e4 {[%clk 1:30:57]} c5 {[%clk 1:30:54]} 2. Nf3 {[%clk 1:31:21]} Nc6 {[%clk
1:31:19]} 3. d4 {[%clk 1:31:38]} cxd4 {[%clk 1:31:40]} 4. Nxd4 {[%clk 1:31:54]}
Nf6 {[%clk 1:32:00]} 5. Nc3 {[%clk 1:31:54]} e5 {[%clk 1:32:20]} 6. Ndb5 {[%clk
1:31:40]} d6 {[%clk 1:32:40]} 7. Nd5 {[%clk 1:31:11]} Nxd5 {[%clk 1:32:29]} 8.
exd5 {[%clk 1:31:31]} Ne7 {[%clk 1:32:19]} 9. c4 {[%clk 1:30:37]} Ng6 {[%clk
1:31:32]} 10. h4 {[%clk 1:29:42]} h5 {[%clk 1:28:24]} 11. Bg5 {[%clk 1:26:28]}
Be7 {[%clk 1:24:39]} 12. c5 {[%clk 1:23:16]} f6 {[%clk 1:12:09]} 13. Qd3 {[%clk
0:57:15]} Kf7 {[%clk 1:07:05]} 14. Be3 {[%clk 0:41:04]} a6 {[%clk 0:56:24]} 15.
Qa3 {[%clk 0:34:03]} dxc5 {[%clk 0:49:06]} 16. d6 {[%clk 0:25:32]} Bxd6 {[%clk
0:46:59]} 17. Bc4+ {[%clk 0:23:30]} Be6 {[%clk 0:42:56]} 18. Bxe6+ {[%clk
0:19:20]} Kxe6 {[%clk 0:43:17]} 19. Qb3+ {[%clk 0:19:32]} Ke7 {[%clk 0:42:31]}
20. Nxd6 {[%clk 0:18:49]} Qxd6 {[%clk 0:42:16]} 21. Qxb7+ {[%clk 0:14:47]} Qd7
{[%clk 0:41:38]} 22. Bxc5+ {[%clk 0:14:58]} Ke6 {[%clk 0:41:59]} 23. Qb6+
{[%clk 0:14:29]} Kf7 {[%clk 0:41:16]} 24. Rd1 {[%clk 0:14:26]} Qc8 {[%clk
0:38:22]} 25. Qb3+ {[%clk 0:13:08]} Ke8 {[%clk 0:36:05]} 26. Qa4+ {[%clk
0:09:27]} Kf7 {[%clk 0:36:26]} 27. Qc4+ {[%clk 0:07:11]} Ke8 {[%clk 0:36:43]}
28. Qd5 {[%clk 0:06:52]} Ne7 {[%clk 0:32:41]} 29. Bxe7 {[%clk 0:06:41]} Kxe7
{[%clk 0:33:03]} 30. O-O {[%clk 0:05:43]} Rd8 {[%clk 0:32:00]} 31. Qf3 {[%clk
0:05:54]} Rxd1 {[%clk 0:27:29]} 32. Rxd1 {[%clk 0:06:09]} g6 {[%clk 0:27:29]}
33. Qa3+ {[%clk 0:04:55]} Kf7 {[%clk 0:27:15]} 34. Qd6 {[%clk 0:04:28]} Ra7
{[%clk 0:25:18]} 35. Qb6 {[%clk 0:03:08]} Qc7 {[%clk 0:22:46]} 36. Qb3+ {[%clk
0:01:22]} Ke7 {[%clk 0:22:02]} 37. g3 {[%clk 0:01:11]} Qc6 {[%clk 0:19:43]} 38.
Qe3 {[%clk 0:00:52]} Rd7 {[%clk 0:18:51]} 39. Rc1 {[%clk 0:00:52]} Qb5 {[%clk
0:18:22]} 40. Qh6 {[%clk 0:00:44]} Qd3 {[%clk 0:11:48]} 41. Qg7+ {[%clk
0:28:31]} Ke6 {[%clk 0:40:12]} 42. Rc6+ {[%clk 0:28:45]} Rd6 {[%clk 0:40:11]}
43. Rxd6+ {[%clk 0:28:34]} Kxd6 {[%clk 0:35:50]} 44. Qxf6+ {[%clk 0:28:26]} Kd5
{[%clk 0:36:03]} 45. Kg2 {[%clk 0:27:07]} e4 {[%clk 0:27:55]} 46. Qxg6 {[%clk
0:24:53]} Qf3+ {[%clk 0:21:33]} 47. Kg1 {[%clk 0:25:17]} Qd1+ {[%clk 0:21:44]}
48. Kh2 {[%clk 0:25:38]} Qf3 {[%clk 0:21:07]} 49. Qb6 {[%clk 0:25:38]} Qe2
{[%clk 0:20:28]} 50. a4 {[%clk 0:23:40]} Qc2 {[%clk 0:18:32]} 51. b3 {[%clk
0:22:58]} Qe2 {[%clk 0:17:59]} 52. b4 {[%clk 0:22:38]} Qb2 {[%clk 0:14:04]} 53.
Qa5+ {[%clk 0:21:17]} Kd4 {[%clk 0:13:35]} 54. Qc5+ {[%clk 0:21:36]} Kd3 {[%clk
0:13:53]} 55. Qe3+ {[%clk 0:21:57]} 1-0

[Event "DEM U14 2022"]
[Site "Willingen GER"]
[Date "2022.06.08"]
[Round "5"]
[White "Sauer, Tim"]
[Black "Honisch, Alexander"]
[Result "0-1"]
[Termination "normal"]
[Board "6"]
[WhiteElo "1777"]
[BlackElo "1878"]
[WhiteClock "00:11:42"]
[BlackClock "00:03:02"]
[PlyCount "76"]
[WhiteFideId "16265726"]
[BlackFideId "16298594"]
[EventCountry "GER"]
[EventRounds "9"]
[EventType "swiss"]
[EventDate "2022.06.04"]

1. e4 {[%clk 1:30:57]} e5 {[%clk 1:30:38]} 2. Nf3 {[%clk 1:31:22]} Nc6 {[%clk
1:30:38]} 3. Bc4 {[%clk 1:31:44]} Bc5 {[%clk 1:30:06]} 4. c3 {[%clk 1:32:08]}
Nf6 {[%clk 1:29:53]} 5. d4 {[%clk 1:32:22]} exd4 {[%clk 1:30:02]} 6. b4 {[%clk
1:32:41]} Bb6 {[%clk 1:24:34]} 7. e5 {[%clk 1:32:48]} d5 {[%clk 1:20:18]} 8.
exf6 {[%clk 1:32:33]} dxc4 {[%clk 1:19:50]} 9. Qe2+ {[%clk 1:32:37]} Be6 {[%clk
1:16:11]} 10. b5 {[%clk 1:32:34]} Na5 {[%clk 1:11:18]} 11. fxg7 {[%clk
1:32:34]} Rg8 {[%clk 1:11:04]} 12. cxd4 {[%clk 1:32:49]} Qd7 {[%clk 0:57:54]}
13. Nc3 {[%clk 1:31:31]} O-O-O {[%clk 0:54:30]} 14. Bg5 {[%clk 1:31:28]} Rde8
{[%clk 0:49:02]} 15. O-O-O {[%clk 1:31:26]} Bg4 {[%clk 0:45:09]} 16. Qd2 {[%clk
1:28:49]} Bxf3 {[%clk 0:42:41]} 17. gxf3 {[%clk 1:28:58]} Rxg7 {[%clk 0:42:45]}
18. Qf4 {[%clk 1:21:39]} Rg6 {[%clk 0:36:42]} 19. Bh4 {[%clk 1:16:09]} Kb8
{[%clk 0:25:30]} 20. Rhe1 {[%clk 1:12:31]} Rge6 {[%clk 0:22:31]} 21. Qf5 {[%clk
1:04:43]} Qd6 {[%clk 0:18:20]} 22. Rxe6 {[%clk 0:54:12]} fxe6 {[%clk 0:16:10]}
23. Qe5 {[%clk 0:29:16]} Nb3+ {[%clk 0:13:36]} 24. Kb2 Nxd4 {[%clk 0:12:17]}
25. Qxd6 {[%clk 0:20:06]} cxd6 {[%clk 0:12:45]} 26. Bg3 {[%clk 0:20:13]} Kc7
{[%clk 0:08:57]} 27. Ne4 {[%clk 0:20:14]} e5 {[%clk 0:08:21]} 28. Rc1 {[%clk
0:18:27]} Rf8 {[%clk 0:06:31]} 29. Rxc4+ {[%clk 0:18:10]} Kd7 {[%clk 0:06:51]}
30. Nc3 {[%clk 0:15:54]} Rxf3 {[%clk 0:06:37]} 31. a4 {[%clk 0:15:50]} Nf5
{[%clk 0:05:47]} 32. Nd1 {[%clk 0:15:01]} h5 {[%clk 0:05:16]} 33. Kc2 {[%clk
0:12:58]} Bd4 {[%clk 0:05:07]} 34. Kd2 {[%clk 0:11:07]} h4 {[%clk 0:04:14]} 35.
Ke2 {[%clk 0:11:32]} Ra3 {[%clk 0:04:00]} 36. Ne3 {[%clk 0:11:17]} Nxe3 {[%clk
0:02:22]} 37. fxe3 {[%clk 0:11:31]} Rxe3+ {[%clk 0:02:38]} 38. Kf2 {[%clk
0:11:42]} hxg3+ {[%clk 0:03:02]} 0-1

[Event "DEM U14 2022"]
[Site "Willingen GER"]
[Date "2022.06.08"]
[Round "5"]
[White "Haubold, Sebastian Marcel"]
[Black "Krüger, Arthur"]
[Result "1/2-1/2"]
[Termination "normal"]
[Board "7"]
[WhiteElo "1889"]
[BlackElo "1988"]
[WhiteClock "00:06:14"]
[BlackClock "00:11:19"]
[PlyCount "72"]
[WhiteFideId "16259637"]
[BlackFideId "16244966"]
[EventCountry "GER"]
[EventRounds "9"]
[EventType "swiss"]
[EventDate "2022.06.04"]

1. e4 {[%clk 1:30:57]} e6 {[%clk 1:30:55]} 2. d4 {[%clk 1:31:23]} d5 {[%clk
1:31:23]} 3. Nd2 {[%clk 1:31:47]} c5 {[%clk 1:31:50]} 4. exd5 {[%clk 1:32:07]}
Qxd5 {[%clk 1:32:17]} 5. Ngf3 {[%clk 1:32:27]} cxd4 {[%clk 1:32:42]} 6. Bc4
{[%clk 1:32:52]} Qd7 {[%clk 1:33:09]} 7. O-O {[%clk 1:32:43]} Nc6 {[%clk
1:33:04]} 8. Nb3 {[%clk 1:31:36]} Nf6 {[%clk 1:33:14]} 9. Nbxd4 {[%clk
1:31:17]} Nxd4 {[%clk 1:33:38]} 10. Nxd4 {[%clk 1:31:43]} a6 {[%clk 1:34:01]}
11. Re1 {[%clk 1:31:50]} Bc5 {[%clk 1:33:35]} 12. Be3 {[%clk 1:28:16]} Qc7
{[%clk 1:25:19]} 13. Bb3 {[%clk 1:21:49]} O-O {[%clk 1:19:56]} 14. Qf3 {[%clk
1:17:59]} e5 {[%clk 1:07:39]} 15. Nf5 {[%clk 1:13:28]} Bxf5 {[%clk 0:54:36]}
16. Qxf5 {[%clk 1:12:03]} Bxe3 {[%clk 0:53:51]} 17. Rxe3 {[%clk 1:12:24]} Rfe8
{[%clk 0:52:30]} 18. Rae1 {[%clk 1:05:49]} e4 {[%clk 0:47:16]} 19. Rg3 {[%clk
0:59:39]} Qe5 {[%clk 0:42:34]} 20. Qxe5 {[%clk 0:59:14]} Rxe5 {[%clk 0:40:09]}
21. Rge3 {[%clk 0:54:21]} Ree8 {[%clk 0:31:30]} 22. h3 {[%clk 0:42:47]} Rad8
{[%clk 0:31:04]} 23. g4 {[%clk 0:35:45]} h6 {[%clk 0:29:23]} 24. Kg2 {[%clk
0:33:34]} Rd2 {[%clk 0:27:38]} 25. Kg3 {[%clk 0:32:47]} Rdd8 {[%clk 0:23:54]}
26. c3 {[%clk 0:28:58]} Kf8 {[%clk 0:20:26]} 27. Bc2 {[%clk 0:24:38]} Rd2
{[%clk 0:20:54]} 28. R1e2 {[%clk 0:25:00]} Rxe2 {[%clk 0:21:11]} 29. Rxe2
{[%clk 0:25:27]} Re6 {[%clk 0:18:41]} 30. c4 {[%clk 0:17:45]} g5 {[%clk
0:16:55]} 31. b4 {[%clk 0:15:13]} b6 {[%clk 0:14:08]} 32. f4 {[%clk 0:10:38]}
exf3 {[%clk 0:11:45]} 33. Rxe6 {[%clk 0:10:57]} fxe6 {[%clk 0:12:14]} 34. Kxf3
{[%clk 0:11:18]} Ke7 {[%clk 0:11:57]} 35. Ke3 {[%clk 0:07:03]} Kd6 {[%clk
0:11:19]} 36. Bd1 {[%clk 0:06:14]} e5 1/2-1/2